000 00898nam a2200265 i 4500
001 190635
003 ES-MaACL
005 20250804062649.0
008 220225s2014 sp 000 f spa
020 _a978-84-08-12549-5
080 _a821.134.2-31"19"
100 1 _aCantero, David (
_d1961-)
_9174225
245 1 3 _aEl viaje de Tanaka /
_cDavid Cantero.
250 _a1ª ed.
260 _aBarcelona :
_bPlaneta,
_c2014.
300 _a309 p. ;
_c24 cm.
490 1 _aAutores españoles e iberoamericanos
655 0 _aNovelas
_9234319
830 1 _aAutores españoles e iberoamericanos
_9119106
852 4 _aES-MaACL
_jA-14898
_z Encuadernación en cartone
_9197814
_bR.152305
_cDEPO1
_dOlim: N-7898
_hDonación: José Lázaro
903 _9234219
_aLázaro García, José
_ednr
942 _2udc
_cMONOGRAFIA
999 _c190635
_d190635